| 000 | 00757nam a22001937a 4500 | ||
|---|---|---|---|
| 008 | 090503t xxu||||| |||| 00| 0 eng d | ||
| 020 | _a9780080475615 | ||
| 082 |
_222 _a620.1633 _bKAS |
||
| 245 |
_aFundamentals of creep in metals and alloys / _cMichael E. Kassner. |
||
| 250 | _a 2nd ed. | ||
| 260 |
_aAmsterdam: _bElsevier, _c2009 |
||
| 300 |
_axv, 295 p. : _b ill. ; _c 25 cm. |
||
| 504 | _aIncludes bibliographical references p.261+288 and index. | ||
| 650 |
_94543 _aMetals _x-- Creep. |
||
| 650 |
_94544 _aMetals _x--Plastic properties. |
||
| 650 |
_94545 _aAlloys _x--Creep. |
||
| 942 |
_2ddc _cBB |
||
| 999 |
_c11482 _d11482 |
||